<?xml version="1.0" encoding="UTF-8"?>
<record
    xmlns:xsi="http://www.w3.org/2001/XMLSchema-instance"
    xsi:schemaLocation="http://www.loc.gov/MARC21/slim http://www.loc.gov/standards/marcxml/schema/MARC21slim.xsd"
    xmlns="http://www.loc.gov/MARC21/slim">

  <leader>01879na  a2200397   4500</leader>
  <controlfield tag="001">22170</controlfield>
  <controlfield tag="003">MIRAKIL</controlfield>
  <controlfield tag="005">20181226092845.0</controlfield>
  <controlfield tag="008">170211b        tu  n0        0    0     </controlfield>
  <datafield tag="022" ind1=" " ind2=" ">
    <subfield code="a">1300-2333</subfield>
  </datafield>
  <datafield tag="035" ind1=" " ind2=" ">
    <subfield code="a">20919</subfield>
  </datafield>
  <datafield tag="040" ind1=" " ind2=" ">
    <subfield code="a">Milas</subfield>
    <subfield code="b">tur</subfield>
    <subfield code="c">TR-AnCHP</subfield>
  </datafield>
  <datafield tag="041" ind1=" " ind2=" ">
    <subfield code="a">tur</subfield>
  </datafield>
  <datafield tag="090" ind1=" " ind2=" ">
    <subfield code="a">050 DER 113</subfield>
  </datafield>
  <datafield tag="222" ind1=" " ind2=" ">
    <subfield code="a">T&#xFC;rk yurdu</subfield>
  </datafield>
  <datafield tag="245" ind1=" " ind2=" ">
    <subfield code="a">T&#xFC;rk yurdu</subfield>
    <subfield code="b">dilde, fikirde, i&#x15F;te birlik</subfield>
    <subfield code="c">[yay&#x131;nlayan] T&#xFC;rk Ocaklar&#x131;</subfield>
  </datafield>
  <datafield tag="246" ind1=" " ind2=" ">
    <subfield code="a">dilde, fikirde, i&#x15F;te birlik T&#xFC;rk yurdu</subfield>
  </datafield>
  <datafield tag="246" ind1=" " ind2=" ">
    <subfield code="a">T&#xFC;rk yurdu dergisi</subfield>
  </datafield>
  <datafield tag="260" ind1=" " ind2=" ">
    <subfield code="a">Ankara, &#x130;stanbul</subfield>
    <subfield code="b">T&#xFC;rk Ocaklar&#x131; Genel Merkezi</subfield>
    <subfield code="c">1911-</subfield>
  </datafield>
  <datafield tag="300" ind1=" " ind2=" ">
    <subfield code="a">c.</subfield>
    <subfield code="b">rnk. res.</subfield>
    <subfield code="c">28 sm.</subfield>
  </datafield>
  <datafield tag="310" ind1=" " ind2=" ">
    <subfield code="a">Ayl&#x131;k (d&#xFC;zensiz)</subfield>
  </datafield>
  <datafield tag="362" ind1=" " ind2=" ">
    <subfield code="a">cilt 29, say&#x131; 262 (Haziran)-</subfield>
  </datafield>
  <datafield tag="500" ind1=" " ind2=" ">
    <subfield code="a">Mevcut say&#x131;lar : c. 29, s. 262, Haziran 2009; c. 31, s. 283 Mart 2011; c. 31, s. 285, May&#x131;s 2011; c. 31, s. 289, Eyl&#xFC;l 2011; c. 31, s. 291, Kas&#x131;m 2011; c. 32, s. 303, Kas&#x131;m 2012; c. 33, s. 310, Haziran 2013; c. 33, s. 316, Aral&#x131;k 2013; y.103, s. 317, Ocak 2014; y. 103 s. 318, &#x15E;ubat 2014; y. 103, s. 319, Mart 2014; y. 103, s. 326, Ekim 2014; y. 103, s. 328, Aral&#x131;k 2014; y. 104, s. 332,Nisan 2015; y.104, s. 337, Eyl&#xFC;l 2015; y. 104, s. 338, Ekim 2015; y. 104, s. 339, Kas&#x131;m 2015; y. 106, s. 353,  Ocak 2017</subfield>
  </datafield>
  <datafield tag="500" ind1=" " ind2=" ">
    <subfield code="a">Niteleme cilt 29, say&#x131; 262 (Haziran)'e dayal&#x131;d&#x131;r.</subfield>
  </datafield>
  <datafield tag="500" ind1=" " ind2=" ">
    <subfield code="a">Dilde, fikirde, i&#x15F;te birlik T&#xFC;rk yurdu. </subfield>
  </datafield>
  <datafield tag="530" ind1=" " ind2=" ">
    <subfield code="a">Online olarak eri&#x15F;ilebilir. (https://www.turkyurdu.com.tr/)</subfield>
  </datafield>
  <datafield tag="550" ind1=" " ind2=" ">
    <subfield code="a">Yay&#x131;mc&#x131;n&#x131;n &#xF6;nceki ad&#x131; : T&#xFC;rk Oca&#x11F;&#x131; Merkez Heyeti</subfield>
  </datafield>
  <datafield tag="650" ind1=" " ind2=" ">
    <subfield code="a">T&#xFC;rk ocaklar&#x131;</subfield>
    <subfield code="v">S&#xFC;reli yay&#x131;nlar</subfield>
  </datafield>
  <datafield tag="650" ind1=" " ind2=" ">
    <subfield code="a">Milliyet&#xE7;ilik</subfield>
    <subfield code="v">S&#xFC;reli yay&#x131;nlar</subfield>
    <subfield code="z">T&#xFC;rkiye</subfield>
  </datafield>
  <datafield tag="651" ind1=" " ind2=" ">
    <subfield code="a">T&#xFC;rkiye</subfield>
    <subfield code="v">S&#xFC;reli yay&#x131;nlar</subfield>
    <subfield code="x">Siyasal tarih</subfield>
  </datafield>
  <datafield tag="655" ind1=" " ind2=" ">
    <subfield code="a">Dergi</subfield>
  </datafield>
  <datafield tag="710" ind1=" " ind2=" ">
    <subfield code="a">T&#xFC;rk Ocaklar&#x131;</subfield>
    <subfield code="t">T&#xFC;rk yurdu</subfield>
  </datafield>
  <datafield tag="910" ind1=" " ind2=" ">
    <subfield code="a">DERG&#x130; 113</subfield>
  </datafield>
  <datafield tag="942" ind1=" " ind2=" ">
    <subfield code="2">ddc</subfield>
    <subfield code="c">SER</subfield>
  </datafield>
  <datafield tag="952" ind1=" " ind2=" ">
    <subfield code="5">1</subfield>
    <subfield code="a">0001</subfield>
    <subfield code="b">0001</subfield>
    <subfield code="d">2017-02-11</subfield>
    <subfield code="f"> S&#xDC;REL&#x130; YAYINLAR</subfield>
    <subfield code="l">0</subfield>
    <subfield code="o">050 DER 97</subfield>
    <subfield code="p">D113</subfield>
    <subfield code="r">2017-02-11 00:00:00</subfield>
    <subfield code="v">0.00</subfield>
    <subfield code="w">2017-02-11</subfield>
    <subfield code="x"> </subfield>
    <subfield code="y">SER</subfield>
  </datafield>
  <datafield tag="999" ind1=" " ind2=" ">
    <subfield code="c">11453</subfield>
    <subfield code="d">11453</subfield>
  </datafield>
</record>
